<?xml version='1.0' encoding='UTF-8'?>
  <record xmlns="http://www.loc.gov/MARC21/slim">
    <leader>00000cam a2200000Mi 4500</leader>
    <controlfield tag="001">ocm68029128</controlfield>
    <controlfield tag="003">OCoLC</controlfield>
    <controlfield tag="005">20240210061653.1</controlfield>
    <controlfield tag="008">980804s1881    ne            000 0 ger d</controlfield>
    <datafield tag="040" ind1=" " ind2=" ">
      <subfield code="a">NLGGC</subfield>
      <subfield code="b">dut</subfield>
      <subfield code="e">fobidrtb</subfield>
      <subfield code="c">NLGGC</subfield>
      <subfield code="d">OCLCO</subfield>
      <subfield code="d">OCLCL</subfield>
    </datafield>
    <datafield tag="029" ind1="0" ind2=" ">
      <subfield code="a">NLGGC</subfield>
      <subfield code="b">172208041</subfield>
    </datafield>
    <datafield tag="035" ind1=" " ind2=" ">
      <subfield code="a">(OCoLC)68029128</subfield>
    </datafield>
    <datafield tag="100" ind1="1" ind2=" ">
      <subfield code="a">Schroeter, Johann Hieronymus,</subfield>
      <subfield code="d">1745-1816.</subfield>
      <subfield code="1">https://id.oclc.org/worldcat/entity/E39PBJxGXxBdC7yPWwTCMYRBT3</subfield>
    </datafield>
    <datafield tag="245" ind1="1" ind2="0">
      <subfield code="a">Areographische Beiträge zur genauern Kenntniss und Beurtheilung des Planeten Mars, in mathematisch-physischer Hinsicht /</subfield>
      <subfield code="c">J.H. Schroeter ; nach dem Manuscripte auf der Leidener Sternwarte heausg. von H.G. van der Sande Bakhuyzen.</subfield>
    </datafield>
    <datafield tag="260" ind1=" " ind2=" ">
      <subfield code="a">Leiden,</subfield>
      <subfield code="c">1881.</subfield>
    </datafield>
    <datafield tag="300" ind1=" " ind2=" ">
      <subfield code="a">.. p. ;</subfield>
      <subfield code="c">in-8.</subfield>
    </datafield>
    <datafield tag="336" ind1=" " ind2=" ">
      <subfield code="a">tekst</subfield>
      <subfield code="b">txt</subfield>
      <subfield code="2">rdacontent/dut</subfield>
    </datafield>
    <datafield tag="337" ind1=" " ind2=" ">
      <subfield code="a">zonder medium</subfield>
      <subfield code="b">n</subfield>
      <subfield code="2">rdamedia/dut</subfield>
    </datafield>
    <datafield tag="338" ind1=" " ind2=" ">
      <subfield code="a">band</subfield>
      <subfield code="b">nc</subfield>
      <subfield code="2">rdacarrier/dut</subfield>
    </datafield>
    <datafield tag="530" ind1=" " ind2=" ">
      <subfield code="a">Ook beschikbaar in microvorm.</subfield>
    </datafield>
    <datafield tag="530" ind1=" " ind2=" ">
      <subfield code="a">Titel is geselecteerd voor digitalisering voor de Universiteit van Leiden in het kader van het Google Books-project.</subfield>
    </datafield>
    <datafield tag="700" ind1="1" ind2=" ">
      <subfield code="a">Sande Bakhuyzen, H.G. van de</subfield>
      <subfield code="q">(Hendricus Gerardus),</subfield>
      <subfield code="d">1838-1923.</subfield>
      <subfield code="1">https://id.oclc.org/worldcat/entity/E39PBJt44DRGmDctfywmF6w6Kd</subfield>
    </datafield>
    <datafield tag="758" ind1=" " ind2=" ">
      <subfield code="a">Areographische beiträge zur genauren kenntniss und beurtheilung des planeten Mars in mathematisch-physischer hinsich (Text)</subfield>
      <subfield code="1">https://id.oclc.org/worldcat/entity/E39PCFQB7rHYcGJpC6QYh8GVfq</subfield>
      <subfield code="4">https://id.oclc.org/worldcat/ontology/hasWork</subfield>
    </datafield>
    <datafield tag="776" ind1="0" ind2=" ">
      <subfield code="t">Areographische Beiträge zur genauern Kenntniss und Beurtheilung des Planeten Mars, in mathematisch-physischer Hinsicht</subfield>
      <subfield code="w">(NL-LeOCL)432739483</subfield>
    </datafield>
    <datafield tag="776" ind1="0" ind2=" ">
      <subfield code="t">Areographische Beiträge zur genauern Kenntniss und Beurtheilung des Planeten Mars, in mathematisch-physischer Hinsicht</subfield>
      <subfield code="w">(NL-LeOCL)432739491</subfield>
    </datafield>
  </record>